00830nam a22002057a 4500999001900000005001700019010001300036020002600049035001200075037001600087082001100103100003100114245010900145246007300254260005500327270005800382300002100440942003000461952013300491 c189727d18972720220711171002.0 aUR-11644 a9789393785695c400.00 aU-10199 bDBAD/PUBa- a841.08 aاصغر راز فاطمی aغیاث احمد گری :bتخلیقی سیاق و سباق /cاصغر راز فاطمیhا ر د و aGhayas Ahmad Gaddi: Takhleeqi Siyaq wa sabaq /bby Asghar Raaz Fatmi aNew DelhibEducational Publishing Housec2022 ء  aH.o. D1/16, Ansari Road, DaryaganjbNew Delhie110002 a311 صc22cm(Hb) 2ddccURh841.08mا ص غ 001040708NFICaLbLd2022-07-11eDAD/PUBg400.00l0o841.08 ا ص غpU-10199r2022-07-11 00:00:00t1v400.00w2022-07-11yUR